000 00353 a2200169 4500
001 188188
020 _a978-85-7319-724-2
040 _cMagnum
100 _aWerneck, Leny
240 1 0 _aPapai motorista
_lpor
245 1 0 _aPapai motorista
300 _a32
362 0 _a2008
440 1 _aDimensão
697 _aLITERATURA INFANTIL
942 _cBK
999 _c188188
_d188188